Effect of different rice husk charcoal rates on Shanghai Bok in sandy loam soil condition; ឥទ្ធិពលកម្រិតធ្យូងអង្កាមទៅលើដំណាំស្ពៃតឿលក្ខខណ្ឌដីល្បាយខ្សាច់ (Record no. 10510)

000 -LEADER
fixed length control field 00573nam a22001337a 4500
040 ## - CATALOGING SOURCE
Transcribing agency RUA
082 ## - DEWEY DECIMAL CLASSIFICATION NUMBER
Classification number AGR UNR B513 2015 Or.1
100 ## - MAIN ENTRY--AUTHOR NAME
Personal name UN RAEUN;​អុន​ រើន
245 ## - TITLE STATEMENT
Title Effect of different rice husk charcoal rates on Shanghai Bok in sandy loam soil condition; ឥទ្ធិពលកម្រិតធ្យូងអង្កាមទៅលើដំណាំស្ពៃតឿលក្ខខណ្ឌដីល្បាយខ្សាច់
260 ## - PUBLICATION, DISTRIBUTION, ETC. (IMPRINT)
Place of publication Phnom Penh
Name of publisher RUA
Year of publication 2015
300 ## - PHYSICAL DESCRIPTION
Number of Pages xi; 46p;
Other physical details ill;
Dimensions 29cm
856 ## - ELECTRONIC LOCATION AND ACCESS
Uniform Resource Identifier UN RAEUN
942 ## - ADDED ENTRY ELEMENTS (KOHA)
Koha item type VEM
952 ## - LOCATION AND ITEM INFORMATION (KOHA)
Withdrawn status [LOCAL, KOHA] 0
952 ## - LOCATION AND ITEM INFORMATION (KOHA)
Withdrawn status [LOCAL, KOHA] 0
952 ## - LOCATION AND ITEM INFORMATION (KOHA)
Withdrawn status [LOCAL, KOHA] 0
952 ## - LOCATION AND ITEM INFORMATION (KOHA)
Withdrawn status [LOCAL, KOHA] 0
952 ## - LOCATION AND ITEM INFORMATION (KOHA)
Withdrawn status [LOCAL, KOHA] 0
952 ## - LOCATION AND ITEM INFORMATION (KOHA)
Withdrawn status [LOCAL, KOHA] 0
952 ## - LOCATION AND ITEM INFORMATION (KOHA)
Withdrawn status [LOCAL, KOHA] 0
952 ## - LOCATION AND ITEM INFORMATION (KOHA)
Withdrawn status [LOCAL, KOHA] 0
952 ## - LOCATION AND ITEM INFORMATION (KOHA)
Withdrawn status [LOCAL, KOHA] 0
952 ## - LOCATION AND ITEM INFORMATION (KOHA)
Withdrawn status [LOCAL, KOHA] 0
Holdings
Permanent Location Date acquired Koha item type Lost status Shelving location Barcode Current Location Full call number
Library Block B2016-10-25VEM B513A02826Library Block BAGR UNR B513 2015 Or.1
Library Block B2016-10-25VEM B513A02670Library Block BAGR UNR B513 2015 Or.2
Library Block B2016-10-25VEM B513A02619Library Block BAGR UNR B513 2015 Or.3
Library Block B2016-10-25VEM B513A02590Library Block BAGR UNR B513 2015 Or.4
Library Block B2016-10-25VEM B513A02646Library Block BAGR UNR B513 2015 Or.5
Library Block B2016-10-25VEM B513A01652Library Block BAGR UNR B513 2015 Or.6
Library Block B2016-10-25VEM B513A01733Library Block BAGR UNR B513 2015 Or.7
Library Block B2016-10-25VEM B513A00023Library Block BAGR UNR B513 2015 Or.8
Library Block B2021-09-29VEM B691a066618Library Block DAGR UNR 2015 B691 Or.1
Library Block B2021-09-29VEM B691a10011Library Block DAGR UNR 2015 B691 Or.1
មជ្ឈមណ្ឌលឯការនៃសាកលវិទ្យាល័យភូមិន្ទកសិកម្មចំការដូង

Powered by Koha